| 000 | 00707nam a2200217Ia 4500 | ||
|---|---|---|---|
| 999 |
_c27318 _d27318 |
||
| 003 | OSt | ||
| 005 | 20220221151943.0 | ||
| 008 | 220128s9999||||xx |||||||||||||| ||eng|| | ||
| 040 | _cNASSDOC | ||
| 041 | _aEnglish | ||
| 082 | _aRG.0217 | ||
| 100 | _aGupta, Sanjay Kumar M. | ||
| 245 | 2 |
_aA comparative study of achievement of B.Ed. students examined through OBE and CBE with reference to certain objectives / _cSanjay Kumar M. Gupta |
|
| 260 |
_aNew Delhi : _bIndian Council oF Social Science Research, _c2012 |
||
| 300 | _avii, 85 p. | ||
| 536 | _aIndian Council of Social Science Research | ||
| 546 | _aEnglish | ||
| 650 | _aComparative education | ||
| 650 | _aCollege students | ||
| 942 |
_cRP _2ddc |
||